000 00654nam a2200241 i 4500
001 C2-0267332
003 PPAK
005 20180727234555.0
008 050914s2005 xx a|||| ||||| | eng d
020 _a1405444215
040 _aPPAK
_beng
_cPPAK
_erda
082 0 4 _a428.6
_223
090 0 0 _a428.6
_bSMI
_dK
100 1 _aSmith, Kath,
_eauthor
245 1 4 _aThe world's greatest mum :
_bwith space for a ...
264 1 _bParragon Book ,
_c2005
300 _a[28 pages] :
_bcolour illustrations ;
_c21 cm
336 _2rdacontent
_atext
337 _2rdamedia
_aunmediated
338 _2rdacarrier
_avolume
650 1 0 _aReaders.
942 _ddc
_cB
999 _c76321
_d76321